000 00431nam a22001817a 4500
003 CEME
005 20210628205805.0
008 210316b xxu||||| |||| 00| 0 eng d
020 _a969-480-138-9
040 _c.
082 _a891.4391 AMJ
100 _aAmjad Islam Amjad
_99447
245 _aShar aasar
260 _aLAHORE
_bGORA PUBLISHER
_c1998
300 _a141P
650 _aURDU ADAB-POETRY
_928226
942 _cBK
_2ddc
999 _c582364
_d582364